| 000 | 00922nam a22002177a 4500 | ||
|---|---|---|---|
| 005 | 20220330130458.0 | ||
| 008 | 220330b xr ||||| |||| 00| 0 spa d | ||
| 020 | _a9788024627304 | ||
| 050 | 0 | 4 |
_aF2232 _bZ68 2014 |
| 100 | 1 |
_aZourek, Michal, _eautor. |
|
| 245 | 1 | 0 |
_aChecoslovaquia y el Cono Sur 1945-1989 : _brelaciones políticas, económicas y culturales durante la Guerra Fría / _cMichal Zourek |
| 260 |
_aPraha, Republica Checa : _bUniversidad Carolina de Praga ; Editorial Karolinum, _c2014 |
||
| 300 |
_a338 páginas : _bilustraciones ; _c23 cm |
||
| 490 |
_aIbero-Americana Pragensia. Supplementum ; _v39 |
||
| 651 | 7 |
_2lemb _aAmérica del Sur _xRelaciones exteriores |
|
| 651 | 7 |
_2lemb _aChecoslovaquia _xRelaciones exteriores |
|
| 651 | 7 |
_2lemb _aChile _xPolítica cultural |
|
| 651 | 7 |
_2lemb _aArgentina _xPolítica cultural |
|
| 651 | 7 |
_2lemb _aChecoslovaquia _xPolítica cultural |
|
| 942 |
_2lcc _cLIB |
||
| 999 |
_c161421 _d161419 |
||